[Event "Südlohner SV 2 - SV Heiden 1"]
[Site "Verbandsliga 2016/2017"]
[Date "2016.12.17"]
[Round "5.5"]
[White "Wetter, Ralf"]
[Black "Emming, Benedikt"]
[Result "1/2-1/2"]
[WhiteElo "1884"]
[BlackElo "1749"]
[PlyCount "23"]
[EventDate "2016.??.??"]
[SourceDate "2016.09.26"]

1. Nf3 d5 2. d3 c5 3. g3 Nc6 4. Bg2 e5 5. O-O Nf6 6. Nbd2 Be7 7. e4 dxe4 8.
dxe4 Bg4 9. h3 Bh5 10. g4 Bg6 11. Nh4 Bxe4 12. Nxe4 1/2-1/2

[Event "Südlohner SV 2 - SV Heiden 1"]
[Site "Verbandsliga 2016/2017"]
[Date "2016.12.17"]
[Round "5.6"]
[White "van de Laar, Han"]
[Black "Niewerth, Gerd"]
[Result "0-1"]
[WhiteElo "1634"]
[BlackElo "1766"]
[PlyCount "76"]
[EventDate "2016.??.??"]
[SourceDate "2016.09.26"]

1. Nf3 Nf6 2. c4 g6 3. d4 Bg7 4. Nc3 O-O 5. e3 d6 6. Be2 Nc6 7. O-O e5 8. d5
Ne7 9. e4 Ne8 10. h3 f5 11. exf5 gxf5 12. Bg5 Nf6 13. Qd2 Ng6 14. Rac1 a6 15.
b4 b6 16. a3 Qe7 17. Rfe1 Bd7 18. Bf1 Qf7 19. Bxf6 Qxf6 20. Ne2 e4 21. Nfd4 Ne5
22. Red1 Nd3 23. Rc3 Bh6 24. Qc2 Kh8 25. Rcxd3 exd3 26. Qxd3 Rg8 27. Qf3 Rae8
28. Ng3 f4 29. Nge2 Rg7 30. Kh1 Rge7 31. Nc2 Bf5 32. Ncd4 Be4 33. Qc3 Bg7 34.
Qd2 f3 35. Nxf3 Bxf3 36. gxf3 Qxf3+ 37. Kg1 Be5 38. Nd4 Rg8+ 0-1

[Event "Südlohner SV 2 - SV Heiden 1"]
[Site "Verbandsliga 2016/2017"]
[Date "2016.12.17"]
[Round "5.7"]
[White "Herdering, Martin"]
[Black "Höing, Johannes"]
[Result "1-0"]
[WhiteElo "1788"]
[BlackElo "1798"]
[PlyCount "65"]
[EventDate "2016.??.??"]
[SourceDate "2016.09.26"]

1. e4 Nf6 2. e5 Nd5 3. c4 Nb6 4. d4 d6 5. f4 dxe5 6. fxe5 Nc6 7. Be3 Bf5 8. Nc3
e6 9. Nf3 Qd7 10. Bd3 Bxd3 11. Qxd3 Nb4 12. Qe2 Nxc4 13. Qxc4 Nc2+ 14. Kf2 Nxa1
15. Rxa1 Be7 16. Bg5 Bxg5 17. Nxg5 O-O-O 18. Nf3 Kb8 19. a4 g5 20. Ne4 h6 21.
Nf6 Qc6 22. Qxc6 bxc6 23. Ke3 g4 24. Nd2 h5 25. Nde4 Rh6 26. a5 a6 27. Rc1 Kb7
28. Nc5+ Ka7 29. Ncd7 Kb7 30. Rc3 Rc8 31. Kd3 Rd8 32. Rb3+ Ka8 33. Kc4 1-0

[Event "Südlohner SV 2 - SV Heiden 1"]
[Site "Verbandsliga 2016/2017"]
[Date "2016.12.17"]
[Round "5.8"]
[White "Schuurmans, Han"]
[Black "Wienen, Josef"]
[Result "1-0"]
[WhiteElo "1542"]
[BlackElo "1617"]
[PlyCount "96"]
[EventDate "2016.??.??"]
[SourceDate "2016.09.26"]

1. e4 d5 2. exd5 Qxd5 3. Nf3 Bg4 4. Be2 Nf6 5. O-O Nc6 6. d4 O-O-O 7. c4 Qd7 8.
d5 Bxf3 9. Bxf3 Ne5 10. Be3 Nxf3+ 11. Qxf3 Qg4 12. Qxg4+ Nxg4 13. Nc3 a6 14.
Bf4 e5 15. dxe6 fxe6 16. h3 Nf6 17. Rfe1 Re8 18. Rad1 Bc5 19. a3 Nh5 20. Be3
Bxe3 21. Rxe3 Rhf8 22. g3 Re7 23. Rde1 Rfe8 24. Nd5 Rf7 25. Rxe6 Rxe6 26. Rxe6
Kd7 27. Re2 Nf6 28. Nxf6+ Rxf6 29. Rd2+ Kc6 30. f4 b5 31. cxb5+ axb5 32. b4 Re6
33. Kf2 Re4 34. Kf3 Rc4 35. Rd3 h6 36. h4 g6 37. g4 Rc1 38. f5 g5 39. hxg5 hxg5
40. Ke2 Rc2+ 41. Kf3 Rc4 42. Kg3 Re4 43. f6 Re8 44. f7 Rf8 45. Rf3 Kd6 46. Rf5
c6 47. Kf3 Ke6 48. Ke4 Kd6 1-0

[Event "SC Rochade Emsdetten 2 - SF Stadtlohn 1"]
[Site "Verbandsliga 2016/2017"]
[Date "2017.01.14"]
[Round "5.1"]
[White "Mullink, Jochem"]
[Black "Böhlich, Daniel"]
[Result "1/2-1/2"]
[WhiteElo "2038"]
[BlackElo "1994"]
[PlyCount "83"]
[EventDate "2016.??.??"]
[SourceDate "2016.09.26"]

1. Nf3 d5 2. g3 c6 3. Bg2 Bg4 4. O-O Nd7 5. d3 e5 6. e4 dxe4 7. dxe4 Ngf6 8.
Qe2 Bc5 9. a4 O-O 10. h3 Bh5 11. Nbd2 Re8 12. a5 h6 13. Nb3 Be7 14. Qc4 Qc7 15.
Nh4 Nf8 16. Nf5 Ne6 17. Nxe7+ Rxe7 18. Be3 Nd7 19. f3 Ree8 20. c3 b5 21. axb6
axb6 22. Rfd1 b5 23. Qe2 f6 24. Bf1 Bf7 25. Bf2 Nf4 26. Qc2 Ne6 27. Qd2 Nb6 28.
Rxa8 Rxa8 29. Qd6 Qxd6 30. Rxd6 Na4 31. Nc1 Nxb2 32. Rxc6 Rd8 33. Kg2 Rd1 34.
Be3 Nc4 35. Bxc4 bxc4 36. Na2 Rb1 37. Nb4 Rb2+ 38. Bf2 Ng5 39. h4 Nh3 40. Kxh3
Rxf2 41. Nd5 Rxf3 42. Rxc4 1/2-1/2

[Event "SC Rochade Emsdetten 2 - SF Stadtlohn 1"]
[Site "Verbandsliga 2016/2017"]
[Date "2017.01.14"]
[Round "5.2"]
[White "Schelwokat, Peter"]
[Black "Krosenbrink, Marcel"]
[Result "0-1"]
[WhiteElo "1869"]
[BlackElo "1835"]
[PlyCount "72"]
[EventDate "2016.??.??"]
[SourceDate "2016.09.26"]

1. e4 c6 2. d4 d5 3. exd5 cxd5 4. Bd3 Nc6 5. c3 g6 6. Nf3 Bg7 7. O-O Nh6 8. Bf4
O-O 9. Nbd2 f6 10. Bb5 Nf7 11. Re1 Re8 12. c4 e6 13. Qa4 Bd7 14. cxd5 exd5 15.
Qb3 g5 16. Rxe8+ Bxe8 17. Be3 a6 18. Bd3 Na5 19. Qc2 h6 20. Rc1 Nc6 21. a3 Nd6
22. Nb3 Rc8 23. Qb1 Bf7 24. Nc5 Qe7 25. Nd2 Nd8 26. Re1 Qc7 27. f4 Nc4 28. Nxc4
dxc4 29. Bf5 gxf4 30. Bxc8 fxe3 31. Qf5 Nc6 32. Qd7 Qf4 33. Qf5 Qxd4 34. Ne6
Qd2 35. Kf1 Ne7 36. Qg4 Qf2# 0-1

[Event "SC Rochade Emsdetten 2 - SF Stadtlohn 1"]
[Site "Verbandsliga 2016/2017"]
[Date "2017.01.14"]
[Round "5.3"]
[White "Te Sligte, Bert"]
[Black "Hedwig, Johannes"]
[Result "1/2-1/2"]
[WhiteElo "1828"]
[BlackElo "1784"]
[PlyCount "34"]
[EventDate "2016.??.??"]
[SourceDate "2016.09.26"]

1. e4 c6 2. d4 d5 3. Nc3 dxe4 4. Nxe4 Bf5 5. Ng3 Bg6 6. Nf3 h6 7. Bd3 Bxd3 8.
Qxd3 Nf6 9. Bd2 e6 10. O-O-O Qc7 11. Rhe1 Nbd7 12. Kb1 O-O-O 13. c4 c5 14. d5
exd5 15. cxd5 Nb6 16. Qf5+ Kb8 17. Ba5 Bd6 1/2-1/2

[Event "SC Rochade Emsdetten 2 - SF Stadtlohn 1"]
[Site "Verbandsliga 2016/2017"]
[Date "2017.01.14"]
[Round "5.5"]
[White "Bußwolder, Peter"]
[Black "Fehlings, Gerd"]
[Result "1-0"]
[WhiteElo "1734"]
[BlackElo "1753"]
[PlyCount "61"]
[EventDate "2016.??.??"]
[SourceDate "2016.09.26"]

1. d4 e6 2. c4 d5 3. Nc3 c6 4. e3 Bd6 5. Be2 f5 6. f4 Nf6 7. Nf3 O-O 8. O-O b6
9. Bd2 Nbd7 10. Qc2 Bb7 11. Rac1 Ne4 12. Nxe4 fxe4 13. Ne5 c5 14. Bg4 Qe7 15.
Qa4 Nf6 16. Be2 cxd4 17. exd4 Qe8 18. Qxe8 Raxe8 19. b4 dxc4 20. Bxc4 Bd5 21.
a3 Rc8 22. Ba6 Rxc1 23. Rxc1 Ba8 24. g3 Nd5 25. Bc8 Re8 26. Bd7 Bxe5 27. Bxe8
Bxd4+ 28. Kf1 e3 29. Be1 Nf6 30. Rc8 Bd5 31. Bh5+ 1-0

[Event "SC Rochade Emsdetten 2 - SF Stadtlohn 1"]
[Site "Verbandsliga 2016/2017"]
[Date "2017.01.14"]
[Round "5.6"]
[White "Hemmers, Dieter"]
[Black "Wensing, Herbert"]
[Result "1-0"]
[WhiteElo "1782"]
[BlackElo "1689"]
[PlyCount "153"]
[EventDate "2016.??.??"]
[SourceDate "2016.09.26"]

1. e4 e5 2. Nf3 Nf6 3. Nxe5 d6 4. Nf3 Nxe4 5. Nc3 Nxc3 6. dxc3 Be7 7. Bd3 Nd7
8. Bf4 Nf6 9. h3 d5 10. Qe2 O-O 11. O-O-O Bd6 12. Bg5 c5 13. c4 d4 14. Nd2 Bd7
15. Ne4 Be7 16. Bxf6 Bxf6 17. Nxc5 Bc6 18. Ne4 Be5 19. Rhe1 Bf4+ 20. Kb1 f5 21.
Ng3 Re8 22. Qf1 g6 23. Ne2 Bh6 24. f4 Re3 25. Qf2 Qf6 26. c3 Rxd3 27. Rxd3 Be4
28. Red1 dxc3 29. Nxc3 Bxd3+ 30. Rxd3 Qe6 31. Qd4 Rc8 32. Nd5 Bg7 33. Qe3 Qxe3
34. Nxe3 Rc7 35. b3 Re7 36. Kc2 Kf7 37. Kd2 Bb2 38. Nd5 Re6 39. Re3 Rxe3 40.
Kxe3 Ke6 41. Kd3 Ba3 42. Nc7+ Kd7 43. Nb5 Bc5 44. Nc3 Kc6 45. Nd5 a5 46. Nf6 h6
47. a4 Bd6 48. Nd5 Bc5 49. Ke2 Bd6 50. Kf3 Kc5 51. Ke3 Kc6 52. Kd4 Kd7 53. c5
Bf8 54. b4 axb4 55. Nxb4 b6 56. Nd3 bxc5+ 57. Nxc5+ Kc6 58. Nd3 Bg7+ 59. Kc4 g5
60. a5 g4 61. a6 h5 62. a7 Kb7 63. Kd5 gxh3 64. gxh3 Kxa7 65. Ke6 Bf8 66. Kxf5
Be7 67. Ke6 Ba3 68. f5 Kb7 69. Nf4 Kc7 70. Nxh5 Kd8 71. Kf7 Kd7 72. Ng7 Kd6 73.
h4 Ke5 74. Kg6 Bf8 75. h5 Bxg7 76. Kxg7 Kxf5 77. h6 1-0

[Event "SC Rochade Emsdetten 2 - SF Stadtlohn 1"]
[Site "Verbandsliga 2016/2017"]
[Date "2017.01.14"]
[Round "5.7"]
[White "Pusch, Herbert"]
[Black "Schulte, Ralf"]
[Result "1/2-1/2"]
[WhiteElo "1563"]
[BlackElo "1738"]
[PlyCount "111"]
[EventDate "2016.??.??"]
[SourceDate "2016.09.26"]

1. f4 d6 2. Nf3 Nf6 3. d3 g6 4. c3 Bg7 5. e4 e6 6. Be2 O-O 7. O-O c5 8. Nbd2
Qc7 9. Nb3 b6 10. a4 Bb7 11. Qc2 Nbd7 12. c4 Rfd8 13. a5 Nb8 14. Bd2 Nc6 15.
axb6 axb6 16. Rxa8 Rxa8 17. Ra1 Qb8 18. Qb1 Ra7 19. Rxa7 Qxa7 20. Bc3 Nd7 21.
Bxg7 Kxg7 22. Nbd2 Nb4 23. b3 Qa3 24. d4 Nf6 25. d5 exd5 26. exd5 Bc8 27. Ne1
Bf5 28. Bd3 Nxd3 29. Nxd3 Bxd3 30. Qxd3 Qc1+ 31. Kf2 Ng4+ 32. Kg3 h5 33. Nf3
Qb2 34. Nd2 Qc1 35. Nf3 Ne3 36. h3 Nf5+ 37. Kh2 Qxf4+ 38. Kg1 Qg3 39. Qd2 f6
40. Qe2 Qf4 41. Qe1 Qe3+ 42. Qxe3 Nxe3 43. Kf2 Nf5 44. Nd2 Nd4 45. Ne4 Nxb3 46.
Nxd6 Nd2 47. Ke2 Nb3 48. Nc8 Kf7 49. Nxb6 Ke7 50. Kd3 Kd6 51. Na4 Nd4 52. Ke3
f5 53. g4 hxg4 54. hxg4 Ke5 55. gxf5 Nxf5+ 56. Kd3 1/2-1/2

[Event "SC Rochade Emsdetten 2 - SF Stadtlohn 1"]
[Site "Verbandsliga 2016/2017"]
[Date "2017.01.14"]
[Round "5.8"]
[White "Gerighausen, Karl-Heinz"]
[Black "Schley, Robert"]
[Result "1-0"]
[WhiteElo "1746"]
[BlackElo "1510"]
[PlyCount "87"]
[EventDate "2016.??.??"]
[SourceDate "2016.09.26"]

1. d4 Nf6 2. Nf3 d5 3. e3 Bg4 4. Bd3 Nc6 5. h3 Bxf3 6. Qxf3 a6 7. a3 e5 8. dxe5
Nxe5 9. Qe2 Be7 10. Nd2 c6 11. O-O O-O 12. b3 Bd6 13. Bb2 Qe7 14. Rfd1 Rfe8 15.
Nf3 Rad8 16. Rd2 Nxf3+ 17. Qxf3 Ne4 18. Bxe4 dxe4 19. Qe2 Rd7 20. Rad1 Red8 21.
a4 a5 22. c4 c5 23. Rd5 Bc7 24. Qg4 f5 25. Qxf5 Rxd5 26. Rxd5 Rxd5 27. Qxd5+
Kf8 28. Qf5+ Kg8 29. Qc8+ Kf7 30. Qf5+ Kg8 31. Qd5+ Kf8 32. g3 b6 33. Qf5+ Kg8
34. Qd5+ Kf8 35. Qf5+ Kg8 36. Qd5+ Kf8 37. Kg2 h6 38. Qf5+ Kg8 39. Qd5+ Kf8 40.
Qf5+ Kg8 41. h4 Kh8 42. Kh3 Bd8 43. Be5 Bc7 44. Qc8+ 1-0